000 00628nam a2200241Ia 4500
003 OSt
005 20221005044348.0
006 a|||||r|||| 00| 0
007 ta
008 221004b |||||||| |||| 00| 0 san d
024 _a106707
037 _cTextual
040 _aCRL
_cCRL
_bsan
041 _2san
_asan
082 _aO15:gxJDH,1, L2.1
100 _aDharmasuri
245 0 _aSahityaratnakara
260 _aHyderabad
_bSanskrit Academy India
_c1972
300 _a388p.
_ccm.
650 _aSANSKRIT LITERATURE
942 _hO15:gxJDH,1, L2.1
_cTEXL
_2cc
999 _c953251
_d953251